| 000 | 00548nam a2200145 a 4500 | ||
|---|---|---|---|
| 001 | 000042096 | ||
| 005 | 20201002035933.0 | ||
| 008 | 131114s2000 sp ac 000 0 spa d | ||
| 040 |
_aDO-SdBNP _bspa _cBNPHU |
||
| 245 | 0 | 0 |
_aMuseo de Málaga : _bprimeras donaciones 1916-1930 : palacio de la aduana Málaga / _cMaría Jesús Andrés García. |
| 260 |
_aMálaga : , : _bMinisterio de Educación cultural y Deporte, _c2000. |
||
| 300 |
_a47 p. : _bil., retrs. ; _c29 cm. |
||
| 504 | _aBibliografía : p. 24 | ||
| 700 | 1 |
_aAndrés García María Jesús _969092 |
|
| 999 |
_c41585 _d41585 |
||